NBA All-Time Leaders Quiz - Statistics

General Stats
  • This quiz has been taken 43 times
  • The average score is 10 of 23
Answer Stats
Statistic Number Player % Correct
Assists 15,806 John Stockton
100%
Points 38,387 Kareem Abdul-Jabar
98%
Championships 11 Bill Russell
83%
Blocks 3,830 Hakeem Olajuwon
79%
Rebounds 23,924 Wilt Chamberlain
74%
Steals 3,265 John Stockton
67%
Three Pointers Made 2,973 Ray Allen
67%
Games Played 1,611 Robert Parish
62%
All NBA 1st Team Selections 12 LeBron James
45%
All-Star Game Selections 21 Kobe Bryant
43%
Minutes Played 57,446 Kareem Abdul-Jabar
40%
MVPs 6 Kareem Abdul-Jabar
40%
6th Man of the Year Awards 3 Jamal Crawford
36%
Free Throws Made 9,987 Karl Malone
31%
Dunks 2,523 Dwight Howard
29%
All-NBA Team Selections 15 Tim Duncan
29%
Defensive Player of the Year Awards 4 Dikembe Mutombo
26%
All-Defensive Team Selections 15 Tim Duncan
19%
All-Defensive 1st Team Selections 12 Kevin Garnett
10%
All-Defensive 2nd Team Slections 7 Tim Duncan
10%
All-NBA 2nd Team Selections 8 Bill Russell
2%
NBA Sportsmanship Awards 3 Grant Hill
2%
All-NBA 3rd Team Selections 4 Shaquille O'Neal
2%
No matching quizzes found
Score Distribution
Percent of People with Each Score
Percentile by Number Answered
Your Score History
You have not taken this quiz